00530nam a2200169 450000500170000001000150001702000260003203500140005803700130007208200120008510000210009724500630011826000360018127000940021730000240031150000250033520190513112749.0 aENG-125154 a9789387324305c980.00 aEN-108686 bDBAD/PUB a355.033 aCampose, Philip  aA national security strategy for India/cby Philip Campose aNew DelhibKalpana Shuklac2018 a4676/21, First Floor, Ansari Road, DaryaganjbNew Delhie110002mknowledgeworld@kwpub.com axix,220p.c24cm(Hb) aIncludes references